000 00797nam a2200229Ia 4500
001 10092
003 GE_BSU
008 181216s||||||||xx |||||||||||||| ||und||
040 _cGE_BSU
080 _a821.353.1–1
100 _aსამხარაძე,გიორგი
245 _aრუსთაველის ჩირაღდნები
245 _bლექსები
245 _cრედ.მ.ფოცხიშვილი.მხატვ.ლ.ელიაშვილი
260 _aთბილისი
260 _bლიტერატურა და ხელოვნება
260 _c1966
300 _a35გვ.16სმ.
653 _aლექსები
653 _aრუსთაველის ჩირაღდნები
942 _cBK
999 _c43364
_d43364